| 000 | 00972nac a22003257a 4500 | ||
|---|---|---|---|
| 001 | BR0706639 | ||
| 003 | BR-BrBNA | ||
| 005 | 20240105123523.0 | ||
| 008 | 230509b bl.|||m| |||| 00| 0 por d | ||
| 040 |
_aBR-BrBNA _bpor _cBiblioteca Nacional de Agricultura |
||
| 072 | _aE16; E21; E70 | ||
| 090 | _aE16 BR0706639 | ||
| 110 | 1 |
_aConfederação da Agricultura e Pecuária do Brasil, Brasília, DF (Brasil) _92548 |
|
| 245 | 1 | _aIndicadores rurais, agosto/setembro 2007 | |
| 260 | 3 |
_aBrasília, DF (Brasil): _c2007. |
|
| 300 | _a6 p. | ||
| 490 |
_aIndicadores Rurais (Brazil) _vv. 11(79) _x |
||
| 500 | _a8 tables | ||
| 650 | _aAGRONEGÓCIO | ||
| 650 | _aAGROPECUÁRIA | ||
| 650 | _aINDUSTRIA AGRÍCOLA | ||
| 650 | _aPRODUÇÃO | ||
| 650 | _aPECUÁRIA | ||
| 650 | _aBALANÇO COMERCIAL | ||
| 650 | _aPREÇO | ||
| 650 | _aEXPORTAÇÃO | ||
| 650 | _aESTATÍSTICA DE PRODUÇÃO | ||
| 909 |
_a202312 _bLúcia Elande _c55 _dLúcia Elande |
||
| 942 |
_2AGRIS _n0 _cMS |
||
| 999 |
_c295838 _d295838 |
||